| 000 | 00000nas##2200000za#4500 |
| 001 | 9.512006 |
| 003 | CaOODSP |
| 005 | 20200714182322 |
| 007 | ta |
| 008 | 150406c2005||||xxc|| p #||||f| |0eng|d |
| 022 | |a1914-4962 |
| 040 | |aCaOODSP|beng |
| 041 | |aeng |
| 041 | |afre |
| 043 | |an-cn--- |
| 086 | 1 |aMR2-14 |
| 110 | 2 |aInstitute of Aging (Canada) |
| 245 | 10|aInstitute of Aging - biennial report |
| 260 | |aVancouver - British Columbia : |bCanadian Institutes of Health Research. |
| 310 | |aBiennial |
| 362 | 1 |a2003/2005 -- |
| 520 | 3 |aDescribes work done to support research to promote healthy aging and to address causes, prevention, screening, diagnosis, treatment, support systems, and palliation for a wide range of conditions associated with aging. Financial statements included. |
| 563 | |aSoftcover |
| 690 | 07|aAging|2gcpds |
| 776 | 0#|tInstitut du vieillissement, rapport biennal.|w(CaOODSP)9.502411 |
| 776 | 0#|tInstitute of Aging - biennial report |w(CaOODSP)9.506011 |
| 792 | |tInstitut du vieillissement - rapport biennal |efre|w(CaOODSP)9.512007 |